Encyclopedia of librarianship (Record no. 370172)

000 -LEADER
fixed length control field 00378cam a22001337a 4500
008 - FIXED-LENGTH DATA ELEMENTS--GENERAL INFORMATION
fixed length control field 180718b1958 xxu||||| |||| 00| 0 eng d
082 ## - DEWEY DECIMAL CLASSIFICATION NUMBER
Classification number P9053 L239
245 ## - TITLE STATEMENT
Title Encyclopedia of librarianship
Statement of responsibility, etc. edited by Thomas Landau
260 ## - PUBLICATION, DISTRIBUTION, ETC.
Place of publication, distribution, etc. London
Name of publisher, distributor, etc. Bowes & Bowes
Date of publication, distribution, etc. 1958
300 ## - PHYSICAL DESCRIPTION
Extent 334p.
500 ## - GENERAL NOTE
General note 63/-
650 ## - SUBJECT ADDED ENTRY--TOPICAL TERM
Topical term or geographic name entry element Library Science - Encyclopedias
700 ## - ADDED ENTRY--PERSONAL NAME
Personal name Landau, Thomas, ed.
Holdings
Withdrawn status Lost status Damaged status Not for loan Permanent Location Current Location Date acquired Full call number Barcode Date last seen Price effective from Koha item type
        Indian Institute of Public Administration Indian Institute of Public Administration 1994-06-03 P9053 L239 12073 2018-07-21 2018-07-21 Book

Powered by Koha